00928nab a2200265 uc450000100070000000500170000700800410002403500110006503500210007604000130009704100080011010000390011824500960015765000440025365000350029765000270033265000410035965000320040065000430043270000400047570000390051577300790055494200100063399900190064369473620240924091333.0010926e19970301 spa  a694736 a(OCoLC)819917554 ccomduadb aspa10aChicchiero, Elio4auteaut952325510aControl integral de proceso de una laminadora multicilindro para bandas de acero inoxidable aControl de procesos industriales913440 aLaminado (Metalisteria)929513 aAcero inoxidable97467 7aProductividad industrial2lemb92204 aSistemas de control9174915 7aProcesos de manufactura2armarc93729910aLubrano, Maurizio4auteaut934677710aMarcolini, Marco4auteaut93467780 tRevista ABB (Baden)gNo. 03, Mar. 1997, p. 18-27w110765x1013-3135092738 cARIMP c214659d214659